00654 2200241 4500001002100000005001700021008004100038035002400079090001500103100001600118245007000134250001800204260003000222300003100252500003100283650001700314850001500331980001500346985000600361999001500367999001500382999001500397YOGYA-0209000000148620090227020440.0 ind  0010-020900000001486 a345bNga S aNgani, Nico aSinorama hukum pidanabasas, acara, pidana1, pidana 2cNico Ngani aEd. 1, cet. 1 aYogyakartabLibertyc1984 aviii, 180 hlmbilusc21 cm aBibliografi : hlm. 118-119 aHukum Pidana aYOPDYOG(B) a08-03-2005 a3 a94P0055197 a94P0048377 a95P0067268